1710 1309 1717 1421 1689 1637 1733 1902 1020 1482 1264 1566 1936 1757 1762 1676 1374 1603 1934 1302 1380 1559 1370 1939 1326 1680 1652 1475 1890 1689 1186 1123 1350 1651 1749 1908 1892 1242 1928 1652 1601 1844 1578 1842 1550 1118 1895 1296 1967 1529 1900 1845 1903 1053 1267 1083 1036 1122 1246 1080 1493 1532 1440 1633 1775 1122 1599 1467 1053 1331 1225 1190 1342 1876 1275 1384 1154 1156 1744 1000 1952 1193 1089 1051 1180 1465 1798 1667 1968 1728 1498 1012 1027 1246 1958 1289 1370 1459 1143 BCNSPRNW ULIB Ver.6.0+V

เปลี่ยนเป็นภาษาไทย

Change to English
 แสดงรายละเอียดบรรณานุกรม
  กลับหน้าหลัก

Brief Record : Get Marc (ISO 2709) : E-mail record : QR code < ปิดหน้าต่าง
LEADER : 00000nam 2200000uu 4500
001    13399111919
003     ULIB
008    110627s2552||||th 000 0 tha d
020    9786165210041
090    นว.^bม289ก 2552
100 0  มักเน
245 00 เกมร้ายกลรัก/^cมักเน
250    พิมพ์ครั้งที่ 1
260    กรุงเทพฯ :^bมธุรดา,^c2552
300    348 หน้า
710 1  มธุรดา
945    ^p249^l0^i026751
995    ทศพร
999 ^a ใช้งานได้ทุกระบบ
รายการนี้ยังไม่มีแท็ก
คุณยังไม่ได้ล็อกอิน คุณสามารถมีกิจกรรมร่วมกับเว็บไซต์ได้ แต่ต้องล็อกอินก่อน ::
  ล็อกอิน

รายการสื่อสารสนเทศ

ลำดับที่ ประเภท เลขเรียก/บาร์โค้ด สถานที่ สถานะ
- ไม่พบข้อมูล -

รายการใกล้เคียง
    ผู้แต่ง [มักเน]

BibComment


ยังไม่เคยถูกคอมเมนท์

คอมเมนท์ทรัพยากรรายการนี้
  คอมเมนท์: เกมร้ายกลรัก มักเน


 Copyright 2026. Bcnsprnw @Library